000 01340cam a2200301 i 4500
001 125144
005 20230410103914.0
008 170609s2016 mx 000 0 spa d
020 _a9786074629149
050 1 4 _a432 DS 95.6
_bT234s 2016
082 0 0 _a327.569105
100 1 _aTawil Kuri, Marta
245 1 0 _aSiria :
_bPoder regional, legitimidad y política exterior, 1996-2015 /
_cMarta Tawil Kuri
260 _aMéxico:
_bEl Colegio de México,
_c2016
300 _a378 p. :
_bill.;
_c23 cm
520 _aLa reflexión sobre la politica exterior de siria ofrece nuevas perspectivas para entender el proceso que llevó a la crisis y a la guerra desde finales de 2011. Este libro describe la interacción de actores estatales y no estatales en tre dimensiones del comportamiento externo de Damasco: la estratégica, la simbólica y la de la economía política.
651 0 _aSyria
_xForeign relations
_y1971-
651 0 _aSyria
_xPolitics and government
_y2000-
650 0 _aGeopolitics
_zSyria.
651 0 _aSyria
_xHistory
_yCivil War, 2011-
651 4 _aSiria
_xRelaciones exteriores
_y1971-
651 4 _aSiria
_xPolítica y gobierno
_y2000-
650 4 _aGeopolítica
_zSiria
_yGuerra civil, 2011
651 4 _aSiria
_xHistoria
_y2000-
650 4 _aViolencia política
_zSiria
_ySiglo XXI
942 _2lcc
_cbk
946 _adpf
999 _c28161
_d28161